000 00569nam a2200205 i 4500
001 68208
003 ES-MaACL
005 20230906170226.0
007 t|
008 040611s1968 sp ||||1| spa d
100 1 _aGarcía, G.
_954027
245 1 0 _aFísica y química /
_cG. García, E. Lázaro.
260 _aLeón :
_bEverest,
_c[1968]
300 _a232 p. :
_bil. ;
_c21 cm.
490 1 _aAprendizaje industrial
700 1 _aLázaro, E.
_970784
830 0 _aAprendizaje industrial
_9183224
852 _aES-MaACL
_jC-48340
_bR.69337
999 _c68208
_d68208